03014nam a2200541Ia 45000010005000000080041000050100009000460410014000550820013000692450153000822600013002353000007002485200007002556300013002626300014002756300023002896500039003126900014003517000043003657000041004087000038004499010088004879020006005759030051005819040018006329050029006509060006006799070014006859080014006999090074007139100015007879110010008029120014008129130009008269140025008359150019008609160009008799170009008889180014008979190022009115201480009339210007024139220007024209230006024279240014024339420010024479990015024571392241029s9999 xx 000 0 und d a1297 aEspañol aMCETE-35 0aInfluencia del nivel académico de los docentes en el perfil de los egresados Carrera Ingeniería en Informática de UTESA, recinto Mao 1994-1999 aValverde a73 a31 aDocentes aEgresados aPerfil Profesional aAdministración de la Educación aElaborado easesoraPeña Ventura, Arnaldo Rafael eautoraFeliz Gómez, Kilsi Rosario eautoraCastillo Taveras, Brigida  a{"1":"Feliz Gómez","2":"Castillo Taveras"}b{"1":" Kilsi Rosario","2":"Brigida "} a1 a{"1":"Peña Ventura"}b{"1":"Arnaldo Rafael"} aMagíster en aAdministración Escolar a2 aNO APLICA aNO APLICA aUniversidad Tecnológica de Santiago (UTESA), Campus Central Herrera aNULLbNULL a["1"] aNO APLICA aNULL a01 de Agosto de 2000 a20/07/15 04:07 aNULL aNULL aNO APLICA a["70","85","157"] aLa investigación consistió determinar como influye el nivel académico de los Docentes en los egresados de la carrera de ingeniería en informática de UTESA, recinto Mao.La metodología fue entrevista, la encuesta, recopilación de datos en forma verbal, la lectura y análisis de textos bibliográficos. La muestra tiene definido un perfil de egresados, el cual consta de 6 apartados, los egresados dominan 4 de ellos, los egresados consideran que los docentes dominan sus materias en forma aceptable.Las conclusiones revelan que el 51.8% de los egresados no trabajan en el área de informática, mientras que el 48.2% trabaja en el área, distribuidos en instituciones y empresas tanto públicas como privadas y de manera independiente, los empresarios tienen una excelente opinión de los egresados del área de informática que labora en sus empresas. Se tiene gran satisfacción por el trabajo realizado pues con el mismo se han logrado los objetivos propuestos, porque se analizó sí influye en el nivel.Por lo que se recomienda que la Universidad analice los programas de las materias Programación II y III, con la finalidad de actualizar los lenguajes de programación de manera que los egresados puedan emplear los conocimientos obtenidos en el mercado laboral, que se concientice a los estudiantes de la importancia, tanto para él como para la universidad de ser un profesional capaz de cumplir con el perfil de egresado en su totalidad. a11 a11 a0 aNO APLICA cTesis c1297d1297